Building Trust in Public Service Providers Through Online Reputation Mechanisms
Analýza dynamiky dôvery pacientov voči lekárom meranej zmenami v online hodnotení 1495 lekárov v Košiciach v priebehu dvoch rokov (2016, 2018).
Na minha lista:
| Autor principal: | |
|---|---|
| Outros Autores: | |
| Formato: | Capítulo de Livro |
| Idioma: | inglês |
| Assuntos: | |
| Tags: |
Sem tags, seja o primeiro a adicionar uma tag!
|
MARC
| LEADER | 00000naa$a2200000$$$4500 | ||
|---|---|---|---|
| 001 | 0248038 | ||
| 005 | 20240502083703.7 | ||
| 041 | 0 | |a eng | |
| 044 | |a AT | ||
| 245 | 1 | 0 | |a Building Trust in Public Service Providers Through Online Reputation Mechanisms |c Michal Tkáč, Michal Tkáč |
| 520 | |a Analýza dynamiky dôvery pacientov voči lekárom meranej zmenami v online hodnotení 1495 lekárov v Košiciach v priebehu dvoch rokov (2016, 2018). | ||
| 610 | 2 | 0 | |a služby verejné |
| 610 | 2 | 0 | |a starostlivosť zdravotná |
| 610 | 2 | 0 | |a reputácia podniku |
| 610 | 2 | 0 | |a lekári |
| 610 | 2 | 0 | |a občania |
| 610 | 2 | 0 | |a dôvera |
| 610 | 2 | 0 | |a Slovensko |
| 100 | 1 | |a Tkáč, Michal, ml., 1984- | |
| 700 | 1 | |a Tkáč, Michal, 1958- | |